[Event "POL-chT"]
[Site "Poland"]
[Date "2018.10.26"]
[Round "7.5"]
[White "Klim, Kamil"]
[Black "Socko, Bartosz"]
[Result "0-1"]
[WhiteElo "2365"]
[BlackElo "2588"]
[PlyCount "152"]
[EventDate "2018.06.08"]
[EventType "team-tourn"]
[EventRounds "9"]
[EventCountry "POL"]
[SourceTitle "CBM 187 Extra"]
[Source "ChessBase"]
[SourceDate "2018.11.04"]
[SourceVersion "1"]
[SourceVersionDate "2018.11.04"]
[SourceQuality "1"]
[WhiteTeam "Gorzow Wielkopolski Stilon"]
[BlackTeam "Katowice Wasko"]
[WhiteTeamCountry "POL"]
[BlackTeamCountry "POL"]

1. d4 Nf6 2. c4 c5 3. d5 b5 4. cxb5 a6 5. bxa6 g6 6. Nc3 Bg7 7. e4 0-0 8. Nf3 Qa5 9. Nd2 Bxa6 10. Be2 d6 11. 0-0 Nfd7 12. Bxa6 Qxa6 13. a4 Rc8 14. Ra3 c4 15. Qe2 Ne5 16. Nb5 Nbd7 17. Kh1 Nb6 18. Nd4 Nxa4 19. f4 Nd3 20. Nc6 Nxc1 21. Qxc4 Kf8 22. b3 Qxc4 23. Nxc4 Nc5 24. Rxa8 Rxa8 25. Rxc1 Nxe4 26. g3 Nc3 27. Nb6 Ra3 28. Re1 Bf6 29. b4 Rb3 30. Nd7+ Kg7 31. Nxf6 Kxf6 32. Nxe7 Rxb4 33. Nc8 Ne4 34. Kg2 Rc4 35. Nb6 Rb4 36. Nc8 Rd4 37. Kf3 Nd2+ 38. Ke2 Nc4 39. Rc1 h5 40. Rc3 Rd2+ 41. Ke1 Rd4 42. Ke2 g5 43. Na7 gxf4 44. Nc6 Rd2+ 45. Kf3 Ne3 46. gxf4 Nxd5 47. Rc4 Rxh2 48. Rd4 Rh3+ 49. Kf2 Ne3 50. Rxd6+ Kf5 51. Ne5 Kxf4 52. Nxf7 Rh2+ 53. Kg1 Rg2+ 54. Kh1 Re2 55. Rg6 Ng4 56. Rc6 h4 57. Rc4+ Kg3 58. Rc3+ Ne3 59. Rc1 Rh2+ 60. Kg1 h3 61. Ng5 Re2 62. Nxh3 Kxh3 63. Rc8 Rg2+ 64. Kh1 Rg7 65. Rc3 Re7 66. Kg1 Kg3 67. Rc8 Rg7 68. Rf8 Rg6 69. Rf7 Rg8 70. Rf6 Ng4 71. Ra6 Nh2 72. Ra3+ Nf3+ 73. Kf1 Re8 74. Re3 Rd8 75. Rc3 Rd2 76. Rc2 Nh2+ 0-1

[Event "POL-chT"]
[Site "Poland"]
[Date "2015.10.04"]
[Round "9.3"]
[White "Klim, Kamil"]
[Black "Maksimenko, Andrei"]
[Result "1-0"]
[WhiteElo "2326"]
[BlackElo "2465"]
[PlyCount "75"]
[EventDate "2015.05.08"]
[EventType "team-tourn"]
[EventRounds "9"]
[EventCountry "POL"]
[SourceTitle "EXT 2017"]
[Source "ChessBase"]
[SourceDate "2016.10.25"]
[SourceVersion "1"]
[SourceVersionDate "2016.10.25"]
[SourceQuality "1"]
[WhiteTeam "Gorzow Wielkopolski Stilon"]
[BlackTeam "Znin Baszta"]
[WhiteTeamCountry "POL"]
[BlackTeamCountry "POL"]

1. d4 Nf6 2. c4 e6 3. Nc3 Bb4 4. e3 0-0 5. Nge2 d5 6. a3 Bd6 7. c5 Be7 8. Bd2 b6 9. b4 a5 10. Nf4 c6 11. Be2 Nbd7 12. Nd3 Qc7 13. f4 axb4 14. axb4 Ba6 15. 0-0 Rfb8 16. Ne5 Bxe2 17. Qxe2 bxc5 18. bxc5 Qc8 19. Rxa8 Rxa8 20. Be1 Bd8 21. Bh4 Ba5 22. Nd1 Qa6 23. Qf3 Bd8 24. Bxf6 Nxf6 25. f5 Qc8 26. g4 Ne4 27. fxe6 f6 28. Qf5 Be7 29. Nd7 Ra2 30. Nf2 Nd2 31. Rd1 Qa6 32. g5 Qe2 33. Rxd2 Qxd2 34. gxf6 gxf6 35. Nxf6+ Bxf6 36. Qxf6 Ra8 37. Qf7+ Kh8 38. e7 1-0

[Event "POL-chT"]
[Site "Poland"]
[Date "2015.10.02"]
[Round "7.4"]
[White "Klim, Kamil"]
[Black "Miton, Kamil"]
[Result "1/2-1/2"]
[WhiteElo "2326"]
[BlackElo "2606"]
[PlyCount "104"]
[EventDate "2015.05.08"]
[EventType "team-tourn"]
[EventRounds "9"]
[EventCountry "POL"]
[SourceTitle "EXT 2017"]
[Source "ChessBase"]
[SourceDate "2016.10.25"]
[SourceVersion "1"]
[SourceVersionDate "2016.10.25"]
[SourceQuality "1"]
[WhiteTeam "Gorzow Wielkopolski Stilon"]
[BlackTeam "Katowice Wasko"]
[WhiteTeamCountry "POL"]
[BlackTeamCountry "POL"]

1. d4 Nf6 2. c4 e6 3. Nf3 Bb4+ 4. Nbd2 b6 5. g3 Bb7 6. Bg2 0-0 7. 0-0 a5 8. Qc2 Nc6 9. Nb1 Be7 10. Nc3 Nb4 11. Qb1 c5 12. a3 cxd4 13. Nxd4 Bxg2 14. Kxg2 Na6 15. b3 Qc8 16. e4 Qb7 17. f3 Rfc8 18. Bb2 Nc5 19. a4 Bf8 20. Ncb5 Ne8 21. Ba3 g6 22. Ra2 Rd8 23. Re2 Nc7 24. Nc2 Bg7 25. Nxc7 Qxc7 26. Ne3 f5 27. exf5 gxf5 28. Bb2 Bxb2 29. Qxb2 Rf8 30. Nd1 Rf7 31. Nf2 h5 32. Kh1 Rg7 33. Qc3 Rf8 34. Nd3 Nxd3 35. Qxd3 Qc5 36. Qe3 Qxe3 37. Rxe3 Rc8 38. Rd1 Rc6 39. Red3 Rc7 40. f4 Kf8 41. Rd6 Rb7 42. Kg2 h4 43. Kf3 hxg3 44. hxg3 Ke7 45. Kf2 Rg6 46. Kf3 Rh6 47. Kg2 Kd8 48. Rc6 Ke7 49. Rcd6 Rh8 50. R1d2 Rh6 51. Rd1 Rh8 52. R1d2 Rh6 1/2-1/2

[Event "POL-chT 70th"]
[Site "Gorzow Wielkopolski"]
[Date "2014.10.04"]
[Round "8.1"]
[White "Tomczak, Jacek"]
[Black "Klim, Kamil"]
[Result "1-0"]
[WhiteElo "2547"]
[BlackElo "2339"]
[PlyCount "127"]
[EventDate "2014.05.16"]
[EventType "team-tourn"]
[EventRounds "9"]
[EventCountry "POL"]
[SourceTitle "EXT 2015"]
[Source "ChessBase"]
[SourceDate "2014.11.20"]
[SourceVersion "1"]
[SourceVersionDate "2014.11.20"]
[SourceQuality "1"]
[WhiteTeam "Gliwice Akademia Szachowa"]
[BlackTeam "Gorzow Wielkopolski Stilon"]
[WhiteTeamCountry "POL"]
[BlackTeamCountry "POL"]

1. e4 c6 2. d4 d5 3. exd5 cxd5 4. c4 Nf6 5. Nc3 Nc6 6. Bg5 Ne4 7. Nxe4 dxe4 8. d5 Ne5 9. Qd4 f6 10. Bf4 Ng4 11. Qxe4 e5 12. Nh3 Bb4+ 13. Bd2 Bxd2+ 14. Kxd2 Qb6 15. Kc3 g6 16. Qe1 Bf5 17. Rd1 Qa5+ 18. Kb3 Qb6+ 19. Kc3 Qa5+ 20. Kb3 Qb6+ 21. Kc3 a5 22. b3 Qc5 23. Kb2 0-0 24. d6 Rfd8 25. Rd5 Qc6 26. f3 Nh6 27. Nf2 Nf7 28. Bd3 Bxd3 29. Rxd3 Rxd6 30. Rxd6 Nxd6 31. Ng4 Nf5 32. Qe4 Kf7 33. Rd1 h5 34. Nf2 Ke7 35. Qd3 Rg8 36. Ne4 a4 37. Qd5 Rc8 38. Qxc6 Rxc6 39. Rd5 axb3 40. axb3 Ne3 41. Rb5 b6 42. g3 g5 43. Kc3 h4 44. Kd3 Nf5 45. Rd5 hxg3 46. hxg3 Nd4 47. b4 Nxf3 48. b5 Rc7 49. c5 f5 50. cxb6 Rb7 51. Nd6 Rb8 52. Nxf5+ Ke6 53. Ke4 Rxb6 54. Ng7+ Kf6 55. Ne8+ Kf7 56. Kxf3 Kxe8 57. Rxe5+ Kf7 58. Rxg5 Rb8 59. Rf5+ Ke6 60. g4 Ra8 61. Kf4 Ra1 62. Kg5 Rb1 63. Kg6 Ke7 64. g5 1-0

[Event "POL-chT 70th"]
[Site "Gorzow Wielkopolski"]
[Date "2014.09.06"]
[Round "5.4"]
[White "Barwinski, Dionizy"]
[Black "Klim, Kamil"]
[Result "0-1"]
[WhiteElo "2134"]
[BlackElo "2339"]
[PlyCount "58"]
[EventDate "2014.05.16"]
[EventType "team-tourn"]
[EventRounds "9"]
[EventCountry "POL"]
[SourceTitle "EXT 2015"]
[Source "ChessBase"]
[SourceDate "2014.11.20"]
[SourceVersion "1"]
[SourceVersionDate "2014.11.20"]
[SourceQuality "1"]
[WhiteTeam "Pultusk Nadnarwianka"]
[BlackTeam "Gorzow Wielkopolski Stilon"]
[WhiteTeamCountry "POL"]
[BlackTeamCountry "POL"]

1. d4 Nf6 2. c4 g6 3. Nc3 Bg7 4. Nf3 0-0 5. g3 d6 6. Bg2 Nc6 7. 0-0 a6 8. h3 Rb8 9. d5 Na5 10. Qd3 c5 11. e4 b5 12. Nd2 Nxc4 13. Nxc4 bxc4 14. Qxc4 Nd7 15. f4 a5 16. Qe2 Qb6 17. Re1 Ba6 18. Qc2 c4+ 19. Kh2 Nc5 20. Na4 Nxa4 21. Qxa4 c3 22. b3 Bd4 23. Rd1 Bf2 24. e5 c2 25. Rd2 Qe3 26. Rxf2 Qxf2 27. Bb2 c1Q 28. Bxc1 Rb4 29. Qa3 Rc8 0-1

[Event "Lubuska Wiosna op 9th"]
[Site "Gorzow Wielkopolski"]
[Date "2013.03.28"]
[Round "4"]
[White "Klim, Kamil"]
[Black "Wisniowska, Klaudia"]
[Result "0-1"]
[WhiteElo "2379"]
[BlackElo "2187"]
[PlyCount "112"]
[EventDate "2013.03.27"]
[EventType "swiss"]
[EventRounds "7"]
[EventCountry "POL"]
[SourceTitle "CBM 153 Extra"]
[Source "ChessBase"]
[SourceDate "2013.04.22"]
[SourceVersion "1"]
[SourceVersionDate "2013.04.22"]
[SourceQuality "1"]

1. d4 Nf6 2. c4 g6 3. Nc3 Bg7 4. e4 d6 5. Nf3 0-0 6. Be2 e5 7. 0-0 Nc6 8. d5 Ne7 9. Ne1 Nd7 10. Be3 f5 11. f3 f4 12. Bf2 g5 13. a4 a5 14. Nd3 b6 15. Nb5 h5 16. b4 axb4 17. Nxb4 Nf6 18. a5 Rxa5 19. Rxa5 bxa5 20. Nc2 g4 21. Qd2 Ng6 22. Qxa5 g3 23. Ba7 Nxd5 24. cxd5 Qh4 25. h3 Bxh3 26. Rc1 Bxg2 27. Kxg2 Qh2+ 28. Kf1 Qh1+ 29. Bg1 Nh4 30. Qc3 Qg2+ 31. Ke1 Qxg1+ 32. Kd2 Qh2 33. Kd3 Rb8 34. Nca3 Qf2 35. Qe1 Qe3+ 36. Kc2 Nxf3 37. Bxf3 Qxf3 38. Nc3 h4 39. Nc4 h3 40. Nd2 Qg4 41. Qf1 g2 42. Qf3 g1Q 43. Rxg1 Qxg1 44. Qxh3 Qg3 45. Qe6+ Kh8 46. Qf7 Rf8 47. Qh5+ Kg8 48. Nf3 Qg2+ 49. Kd3 Bf6 50. Nd2 Kg7 51. Nb5 Rh8 52. Qf5 Qh3+ 53. Qxh3 Rxh3+ 54. Ke2 Re3+ 55. Kf1 Bh4 56. Nxc7 f3 0-1

[Event "Trzcianka Dziedzic Memorial 3rd"]
[Site "Trzcianka"]
[Date "2013.03.03"]
[Round "8"]
[White "Klim, Kamil"]
[Black "Kovalenko, Igor"]
[Result "0-1"]
[WhiteElo "2379"]
[BlackElo "2596"]
[PlyCount "96"]
[EventDate "2013.03.03"]
[EventType "swiss (rapid)"]
[EventRounds "9"]
[EventCountry "POL"]
[SourceTitle "CBM 153 Extra"]
[Source "ChessBase"]
[SourceDate "2013.04.22"]
[SourceVersion "1"]
[SourceVersionDate "2013.04.22"]
[SourceQuality "1"]

1. d4 Nf6 2. c4 e6 3. Nf3 b6 4. g3 Ba6 5. Nbd2 Bb4 6. Qc2 c5 7. Bg2 Bb7 8. 0-0 cxd4 9. Nxd4 Bxg2 10. Kxg2 0-0 11. N2f3 Nc6 12. Nxc6 dxc6 13. Qa4 Qe7 14. Qxc6 Rfc8 15. Qa4 h6 16. Bd2 a5 17. a3 Bxd2 18. Nxd2 Qb7+ 19. Nf3 Qe4 20. Rac1 Qxe2 21. Qc2 Qxc2 22. Rxc2 a4 23. Rd1 Rc5 24. Ne1 Rac8 25. Rdc1 Rd8 26. f3 g5 27. Kf2 g4 28. Ke3 Re5+ 29. Kf2 Rf5 30. Ke2 h5 31. f4 e5 32. Ng2 Re8 33. Kd1 exf4 34. Nxf4 h4 35. c5 Rd8+ 36. Ke2 Re5+ 37. Kf1 bxc5 38. Rxc5 Rxc5 39. Rxc5 h3 40. Rc4 Rd1+ 41. Kf2 Rh1 42. Rxa4 Rxh2+ 43. Ke3 Rxb2 44. Rc4 Rb3+ 45. Nd3 Rxa3 46. Rc1 Nh5 47. Rd1 h2 48. Kf2 Rxd3 0-1

[Event "Rewal op-A 17th"]
[Site "Rewal"]
[Date "2012.08.29"]
[Round "8"]
[White "Klim, Kamil"]
[Black "Cyborowski, Lukasz"]
[Result "1/2-1/2"]
[WhiteElo "2357"]
[BlackElo "2546"]
[PlyCount "81"]
[EventDate "2012.08.20"]
[EventType "swiss"]
[EventRounds "9"]
[EventCountry "POL"]
[SourceTitle "CBM 150 Extra"]
[Source "ChessBase"]
[SourceDate "2012.10.19"]
[SourceVersion "1"]
[SourceVersionDate "2012.10.19"]
[SourceQuality "1"]

1. d4 Nf6 2. c4 e6 3. Nf3 d5 4. Nc3 c5 5. cxd5 Nxd5 6. e4 Nxc3 7. bxc3 cxd4 8. cxd4 Bb4+ 9. Bd2 Bxd2+ 10. Qxd2 0-0 11. Bc4 Nc6 12. 0-0 b6 13. Rad1 Bb7 14. Rfe1 Rc8 15. d5 Na5 16. Bd3 Qd6 17. Qg5 h6 18. Qg4 Rcd8 19. h4 Kh8 20. h5 Bc8 21. Qh4 exd5 22. e5 Qe6 23. Nd4 Qg4 24. Qxg4 Bxg4 25. f3 Bd7 26. e6 Bxe6 27. Nxe6 fxe6 28. Rxe6 Nb7 29. Re7 Nc5 30. Bg6 a5 31. Rd4 Rd6 32. Re5 Rfd8 33. Bf7 Kh7 34. Kf2 R6d7 35. Rf5 Rd6 36. Rdxd5 Rxd5 37. Bxd5 g6 38. hxg6+ Kxg6 39. g4 Rd6 40. Ke3 Nd7 41. Be4 1/2-1/2

[Event "Wroclaw op-A 7th"]
[Site "Wroclaw"]
[Date "2012.07.09"]
[Round "8"]
[White "Klim, Kamil"]
[Black "Sadzikowski, Daniel"]
[Result "1/2-1/2"]
[WhiteElo "2336"]
[BlackElo "2433"]
[PlyCount "77"]
[EventDate "2012.07.02"]
[EventType "swiss"]
[EventRounds "9"]
[EventCountry "POL"]
[SourceTitle "CBM 149 Extra"]
[Source "ChessBase"]
[SourceDate "2012.08.24"]
[SourceVersion "1"]
[SourceVersionDate "2012.08.24"]
[SourceQuality "1"]

1. e4 c5 2. Nc3 a6 3. Nf3 d6 4. d4 cxd4 5. Nxd4 Nf6 6. h3 e5 7. Nde2 h5 8. Bg5 Be6 9. Qd2 Nbd7 10. f4 Qa5 11. f5 Bc4 12. Ng3 Bxf1 13. Nxf1 Rc8 14. Bxf6 Nxf6 15. Ne3 Qb4 16. 0-0 Qxb2 17. Ncd5 Nxd5 18. Qxd5 Qd4 19. Qxd4 exd4 20. Nd5 Be7 21. Rab1 Bg5 22. f6 Bxf6 23. Nxf6+ gxf6 24. Rxb7 0-0 25. Rxf6 Rxc2 26. Rxd6 Rxa2 27. Rd5 h4 28. Rg5+ Kh7 29. Rd7 Rd2 30. e5 Kh6 31. Rg4 Re8 32. Rxf7 Rxe5 33. Rf6+ Kh7 34. Rxa6 d3 35. Ra7+ Kh6 36. Ra8 Kh7 37. Rxh4+ Kg7 38. Rd8 Rg5 39. Rg4 1/2-1/2

[Event "Wroclaw op-A 7th"]
[Site "Wroclaw"]
[Date "2012.07.03"]
[Round "2"]
[White "Klim, Kamil"]
[Black "Cyborowski, Lukasz"]
[Result "0-1"]
[WhiteElo "2336"]
[BlackElo "2555"]
[PlyCount "90"]
[EventDate "2012.07.02"]
[EventType "swiss"]
[EventRounds "9"]
[EventCountry "POL"]
[SourceTitle "CBM 149 Extra"]
[Source "ChessBase"]
[SourceDate "2012.08.24"]
[SourceVersion "1"]
[SourceVersionDate "2012.08.24"]
[SourceQuality "1"]

1. d4 Nf6 2. Nf3 g6 3. c4 Bg7 4. Nc3 0-0 5. e4 d6 6. Be2 c5 7. d5 e6 8. 0-0 exd5 9. cxd5 Bg4 10. h3 Bxf3 11. Bxf3 a6 12. a4 Nbd7 13. Qc2 Re8 14. Bf4 Qc7 15. Be2 c4 16. Rae1 Qc5 17. g4 Ne5 18. g5 Nfd7 19. Be3 Qb4 20. Kg2 Rac8 21. Rb1 Nc5 22. Bd2 Ned3 23. f3 Be5 24. Qd1 Nf4+ 25. Kh1 Nb3 26. Be1 Qc5 27. Bf2 Qc7 28. Rg1 Nxh3 29. Be3 Bf4 30. Bxf4 Nf2+ 31. Kg2 Nxd1 32. Rgxd1 Qd8 33. Be3 f6 34. gxf6 Qxf6 35. f4 Nc5 36. Bf3 Nd3 37. Ne2 Rc7 38. b3 g5 39. fxg5 Rg7 40. bxc4 Ne5 41. Rf1 Rxg5+ 42. Bxg5 Qxg5+ 43. Ng3 Nxc4 44. Rg1 Kh8 45. Be2 Nd2 0-1

[Event "Wroclaw op-A 7th"]
[Site "Wroclaw"]
[Date "2012.07.02"]
[Round "1"]
[White "Ulanowski, Karol"]
[Black "Klim, Kamil"]
[Result "0-1"]
[WhiteElo "1987"]
[BlackElo "2336"]
[PlyCount "106"]
[EventDate "2012.07.02"]
[EventType "swiss"]
[EventRounds "9"]
[EventCountry "POL"]
[SourceTitle "CBM 149 Extra"]
[Source "ChessBase"]
[SourceDate "2012.08.24"]
[SourceVersion "1"]
[SourceVersionDate "2012.08.24"]
[SourceQuality "1"]

1. e4 c5 2. Nf3 Nc6 3. d4 cxd4 4. Nxd4 Nf6 5. Nc3 d6 6. Bg5 e6 7. Qd2 a6 8. 0-0-0 Bd7 9. f3 Be7 10. g4 h5 11. gxh5 Nxh5 12. Bxe7 Qxe7 13. Nde2 Rd8 14. Qxd6 Qxd6 15. Rxd6 Ke7 16. Rd1 Ne5 17. Bg2 Ng6 18. Rd2 Rc8 19. Rhd1 Be8 20. Nd4 Rc5 21. Bf1 Nhf4 22. Nb3 Rch5 23. Rd8 Ne5 24. Rc8 Bc6 25. Rxh8 Rxh8 26. Rd2 g5 27. Nd4 Rh6 28. Rf2 Rf6 29. Nxc6+ Nxc6 30. Ne2 Ne5 31. Nd4 g4 32. Kd2 gxf3 33. h3 Nfg6 34. Ke3 Nh4 35. a4 Rg6 36. Rd2 Kf6 37. b3 Rg1 38. Kf2 Rg8 39. c4 a5 40. Nb5 Kg5 41. Ke3 Kf6 42. Nd6 Rg1 43. Kf2 Rh1 44. Rd1 Kg5 45. Kg3 Ng2 46. Rb1 Nf4 47. Nxb7 Ne2+ 48. Kf2 Nc3 49. Rc1 Nxe4+ 50. Ke3 Ng3 51. Kf2 Nxf1 52. Rd1 Rh2+ 53. Ke1 Ne3 0-1

[Event "Sudety op 5th"]
[Site "Szklarska Poreba"]
[Date "2012.06.10"]
[Round "9"]
[White "Klim, Kamil"]
[Black "Malaniuk, Vladimir P"]
[Result "1/2-1/2"]
[WhiteElo "2332"]
[BlackElo "2519"]
[PlyCount "120"]
[EventDate "2012.06.04"]
[EventType "swiss"]
[EventRounds "9"]
[EventCountry "POL"]
[SourceTitle "CBM 148 Extra"]
[Source "ChessBase"]
[SourceDate "2012.06.22"]
[SourceVersion "1"]
[SourceVersionDate "2012.06.22"]
[SourceQuality "1"]

1. d4 Nf6 2. c4 d6 3. Nf3 Nbd7 4. Nc3 g6 5. e4 e5 6. Be2 Bg7 7. 0-0 0-0 8. Re1 Re8 9. Bf1 a6 10. h3 exd4 11. Nxd4 c6 12. Bf4 Nc5 13. Qc2 Nfd7 14. Rad1 Bxd4 15. Rxd4 Ne6 16. Qd2 Nxd4 17. Qxd4 Ne5 18. Rd1 Qf6 19. Bg3 Bxh3 20. Qxd6 Qxd6 21. Rxd6 Bg4 22. f3 Bh5 23. Bxe5 Rxe5 24. g4 Bxg4 25. fxg4 Kf8 26. Kf2 Ke7 27. Rd2 Rd8 28. Rxd8 Kxd8 29. Kg3 h5 30. Be2 hxg4 31. Bxg4 b5 32. Kf4 f6 33. cxb5 axb5 34. a3 Kc7 35. Bd1 Kd6 36. Bb3 Rg5 37. Kf3 Rg1 38. Bf7 g5 39. a4 bxa4 40. Nxa4 Rf1+ 41. Kg3 Ke5 42. Bg6 Rc1 43. Nb6 Rg1+ 44. Kf2 Rd1 45. Ke3 Rf1 46. Nc4+ Ke6 47. Ke2 Rh1 48. Bf5+ Ke7 49. Kd3 Rd1+ 50. Kc2 Re1 51. Kd2 Rb1 52. Kc3 Rg1 53. Ne3 Re1 54. Kd4 Rb1 55. Kc3 Re1 56. Ng4 Rd1 57. Kb4 c5+ 58. Kb3 Rf1 59. Ka4 Re1 60. Kb3 Rc1 1/2-1/2

[Event "Sudety op 5th"]
[Site "Szklarska Poreba"]
[Date "2012.06.09"]
[Round "8"]
[White "Goluch, Piotr"]
[Black "Klim, Kamil"]
[Result "1/2-1/2"]
[WhiteElo "2246"]
[BlackElo "2332"]
[PlyCount "101"]
[EventDate "2012.06.04"]
[EventType "swiss"]
[EventRounds "9"]
[EventCountry "POL"]
[SourceTitle "CBM 148 Extra"]
[Source "ChessBase"]
[SourceDate "2012.06.22"]
[SourceVersion "1"]
[SourceVersionDate "2012.06.22"]
[SourceQuality "1"]

1. e4 c6 2. d4 d5 3. e5 Bf5 4. Nc3 e6 5. g4 Bg6 6. Nge2 c5 7. h4 h5 8. Nf4 Bh7 9. Nxh5 cxd4 10. Nb5 Nc6 11. Nxd4 Nge7 12. Bb5 Qc7 13. f4 a6 14. Nxc6 Nxc6 15. Bd3 Bxd3 16. cxd3 Nb4 17. Rh2 Qc5 18. Ke2 Rc8 19. Bd2 Qb5 20. Bxb4 Qxb4 21. Kf3 Qd4 22. Rc2 Rxc2 23. Qxc2 Bc5 24. Qe2 Kf8 25. Rc1 b6 26. Rh1 Be7 27. Qc2 Bc5 28. Qd2 Be7 29. Qc2 Bc5 30. Qd2 a5 31. Ng3 Ke7 32. h5 g5 33. fxg5 Qxe5 34. Re1 Qb8 35. a3 Kd7 36. Kg2 Qg8 37. d4 Be7 38. Qd3 Bxg5 39. Qb5+ Kc7 40. Re2 Qe8 41. Qa6 Qb8 42. Rf2 f6 43. Rc2+ Kd6 44. Qb5 Qb7 45. b4 axb4 46. Qxb4+ Kd7 47. Qb5+ Kd6 48. a4 Rb8 49. Qb4+ Kd7 50. Qb5+ Kd6 51. Qb4+ 1/2-1/2

[Event "Sudety op 5th"]
[Site "Szklarska Poreba"]
[Date "2012.06.06"]
[Round "4"]
[White "Klim, Kamil"]
[Black "Lada, Ireneusz"]
[Result "1-0"]
[WhiteElo "2332"]
[BlackElo "2039"]
[PlyCount "143"]
[EventDate "2012.06.04"]
[EventType "swiss"]
[EventRounds "9"]
[EventCountry "POL"]
[SourceTitle "CBM 148 Extra"]
[Source "ChessBase"]
[SourceDate "2012.06.22"]
[SourceVersion "1"]
[SourceVersionDate "2012.06.22"]
[SourceQuality "1"]

1. d4 d5 2. c4 c6 3. Nf3 Nf6 4. e3 e6 5. Nc3 Bb4 6. Bd3 Nbd7 7. 0-0 0-0 8. Bd2 Bd6 9. Qc2 dxc4 10. Bxc4 e5 11. h3 Qe7 12. a3 h6 13. Ba2 Re8 14. Nh4 Nf8 15. Nf5 Bxf5 16. Qxf5 a5 17. dxe5 Qxe5 18. Qxe5 Bxe5 19. Rfc1 Red8 20. Rc2 Rd7 21. Kf1 Bxc3 22. Bxc3 Nd5 23. Be1 Ne6 24. Rd2 Rad8 25. Rc2 Ra8 26. Rac1 a4 27. Rd2 Rad8 28. Rcd1 b5 29. Ke2 Kf8 30. Kf1 Kg8 31. Ke2 Kf8 32. Kf1 Kg8 33. Ke2 Kf8 34. Kf1 Kg8 35. Ke2 Kf8 36. g3 Ke7 37. e4 Nb6 38. Rxd7+ Rxd7 39. Rxd7+ Kxd7 40. Ke3 f6 41. f4 c5 42. Ba5 Nc8 43. Bd5 Nc7 44. Bxc7 Kxc7 45. e5 Ne7 46. Bf7 Nf5+ 47. Kf3 fxe5 48. fxe5 b4 49. Ke4 bxa3 50. bxa3 Nxg3+ 51. Kd5 Kd7 52. Kxc5 Ne4+ 53. Kd4 Ng5 54. Bh5 Ne6+ 55. Kc4 Nf4 56. Bg4+ Kc6 57. Bd1 Nxh3 58. Bxa4+ Kc7 59. Kd5 Nf4+ 60. Ke4 g5 61. Kf5 Nd5 62. Bb3 Ne7+ 63. Kf6 Nc6 64. e6 Kd6 65. Bd1 Ne7 66. a4 Nd5+ 67. Kf7 Kc5 68. Bf3 Nc7 69. e7 Kb4 70. Bc6 g4 71. Kf6 g3 72. Ke5 1-0

[Event "Lubuska Wiosna op 8th"]
[Site "Gorzow Wielkopolski"]
[Date "2012.04.04"]
[Round "1"]
[White "Klim, Kamil"]
[Black "Trzeciakiewicz, Michal"]
[Result "1-0"]
[WhiteElo "2369"]
[BlackElo "1486"]
[PlyCount "71"]
[EventDate "2012.04.04"]
[EventType "swiss"]
[EventRounds "7"]
[EventCountry "POL"]
[SourceTitle "CBM 147 Extra"]
[Source "ChessBase"]
[SourceDate "2012.04.24"]
[SourceVersion "1"]
[SourceVersionDate "2012.04.24"]
[SourceQuality "1"]

1. d4 Nf6 2. c4 e6 3. Nc3 Bb4 4. e3 0-0 5. Nge2 b6 6. a3 Bxc3+ 7. Nxc3 Bb7 8. f3 d5 9. cxd5 Nxd5 10. Bd3 Qh4+ 11. g3 Nxc3 12. bxc3 Qh3 13. Bf1 Qh5 14. Bg2 Nd7 15. 0-0 Qg6 16. Rf2 Rad8 17. a4 Rfe8 18. a5 e5 19. axb6 Nxb6 20. Rxa7 exd4 21. cxd4 Ba8 22. Rc2 Kh8 23. Rc5 Nd5 24. e4 Qb6 25. Qa4 Nb4 26. Be3 Nd3 27. Rb5 Qc6 28. Rb1 Qe6 29. Qc2 f5 30. Qxd3 fxe4 31. fxe4 Qg6 32. Ra6 Qg4 33. d5 h5 34. Qd1 Qd7 35. Qxh5+ Kg8 36. Bh3 1-0

[Event "EU-ch rapid"]
[Site "Warsaw"]
[Date "2011.12.17"]
[Round "5"]
[White "Klim, Kamil"]
[Black "Romanov, Evgeny"]
[Result "0-1"]
[WhiteElo "2381"]
[BlackElo "2627"]
[PlyCount "74"]
[EventDate "2011.12.17"]
[EventType "swiss (rapid)"]
[EventRounds "13"]
[EventCountry "POL"]
[SourceTitle "CBM 145 Extra"]
[Source "ChessBase"]
[SourceDate "2012.01.03"]
[SourceVersion "1"]
[SourceVersionDate "2012.01.03"]
[SourceQuality "1"]

1. d4 d5 2. c4 c6 3. Nf3 Nf6 4. e3 Bf5 5. Nc3 e6 6. Nh4 Be4 7. Qb3 Qb6 8. f3 Qxb3 9. axb3 Bc2 10. g4 Bxb3 11. cxd5 Nxd5 12. Bd2 Nb4 13. Kf2 Nd7 14. Be2 Be7 15. Ng2 e5 16. Ra3 Be6 17. dxe5 Nxe5 18. Nf4 0-0-0 19. Ne4 a6 20. Nxe6 fxe6 21. Raa1 Nbd3+ 22. Bxd3 Rxd3 23. Bc3 Nc4 24. Bxg7 Bh4+ 25. Kg2 Rg8 26. Bh6 Nxe3+ 27. Bxe3 Rxe3 28. Rhd1 h5 29. h3 Re2+ 30. Kg1 Rxb2 31. Rd6 hxg4 32. hxg4 Bd8 33. Rd2 Rxd2 34. Nxd2 a5 35. Nc4 b5 36. Ne5 Bf6 37. Rxa5 Bxe5 0-1

[Event "EU-ch rapid"]
[Site "Warsaw"]
[Date "2011.12.17"]
[Round "4"]
[White "Mastrovasilis, Dimitrios"]
[Black "Klim, Kamil"]
[Result "0-1"]
[WhiteElo "2621"]
[BlackElo "2381"]
[PlyCount "100"]
[EventDate "2011.12.17"]
[EventType "swiss (rapid)"]
[EventRounds "13"]
[EventCountry "POL"]
[SourceTitle "CBM 145 Extra"]
[Source "ChessBase"]
[SourceDate "2012.01.03"]
[SourceVersion "1"]
[SourceVersionDate "2012.01.03"]
[SourceQuality "1"]

1. e4 c5 2. Nf3 Nc6 3. d4 cxd4 4. Nxd4 Nf6 5. Nc3 d6 6. Bg5 e6 7. Qd2 a6 8. 0-0-0 Bd7 9. f4 b5 10. Bxf6 gxf6 11. Nf3 h5 12. Kb1 b4 13. Ne2 Rc8 14. Ned4 Qb6 15. g3 Nxd4 16. Nxd4 h4 17. Rg1 a5 18. gxh4 Rc5 19. Be2 Ba4 20. h5 Bh6 21. Nb3 Bxb3 22. axb3 Ke7 23. Rdf1 Ra8 24. Qd4 a4 25. e5 axb3 26. Qxd6+ Qxd6 27. exd6+ Kxd6 28. cxb3 Rf5 29. Rg4 Ke7 30. Rh4 Rd8 31. Kc2 Rd4 32. Bd3 Rfxf4 33. Rfxf4 Rxf4 34. Rxf4 Bxf4 35. h3 f5 36. Bb5 Kf6 37. Kd3 Bd6 38. h6 Kg6 39. Be8 e5 40. Kc4 e4 41. Kd5 Bf8 42. h7 Kxh7 43. Bxf7 Kg7 44. Bh5 Kf6 45. h4 Bh6 46. Be2 Bc1 47. Kc4 Ke5 48. Kxb4 f4 49. Kc3 f3 50. Bc4 e3 0-1

[Event "POL-chT"]
[Site "Wroclaw"]
[Date "2011.10.07"]
[Round "7.2"]
[White "Klim, Kamil"]
[Black "Pacuszka, Tomasz"]
[Result "1/2-1/2"]
[WhiteElo "2314"]
[BlackElo "2289"]
[PlyCount "99"]
[EventDate "2011.05.06"]
[EventType "team-tourn"]
[EventRounds "9"]
[EventCountry "POL"]
[SourceTitle "EXT 2012"]
[Source "ChessBase"]
[SourceDate "2011.11.24"]
[SourceVersion "1"]
[SourceVersionDate "2011.11.24"]
[SourceQuality "1"]
[WhiteTeam "Gorzow Wielkopolski Stilon"]
[BlackTeam "Grudziadz"]
[WhiteTeamCountry "POL"]
[BlackTeamCountry "POL"]

1. d4 f5 2. Nf3 e6 3. g3 Nf6 4. Bg2 Be7 5. 0-0 0-0 6. c4 d6 7. Nc3 Qe8 8. Qc2 Qh5 9. e4 fxe4 10. Nxe4 e5 11. dxe5 dxe5 12. Nxf6+ Bxf6 13. Be3 Nc6 14. Nd2 Bg4 15. Qb3 Rab8 16. Bc5 Nd4 17. Bxd4 exd4 18. Bd5+ Kh8 19. f3 Bd7 20. Qd3 b5 21. Be4 Be6 22. b3 bxc4 23. Nxc4 Bxc4 24. Qxc4 Qa5 25. Qd3 g6 26. Rfc1 Rbe8 27. Rc2 Re7 28. Rb1 Qe5 29. Kg2 Bg5 30. b4 Be3 31. Rc5 Qe6 32. Rb3 Rf6 33. Ra3 g5 34. Rc6 Qf7 35. Rxf6 Qxf6 36. Ra6 Qe5 37. Rxa7 g4 38. Ra8+ Kg7 39. a4 Qe6 40. Ra6 gxf3+ 41. Bxf3 Qa2+ 42. Kh3 Qf7 43. Bg4 Re5 44. Ra5 Rxa5 45. bxa5 c5 46. Be2 Qd7+ 47. Kg2 Qc6+ 48. Kh3 Qh6+ 49. Kg2 Qc6+ 50. Kh3 1/2-1/2